Memorias del Primer Taller sobre Conservación de Plantas en el Valle del Cauca (Registro nro. 3604)

Detalles MARC
000 -CABECERA
Campo de control 00764nam a2200205 i 4500
005 - FECHA Y HORA DE LA ULTIMA TRANSACCION
Campo de control 20160517122010.0
008 - ELEMENTOS DE LONGITUD FIJA—INFORMACION GENERAL
Campo de control 140312s1993 ck ||||| |||| 00| 0 spa d
040 ## - FUENTE DE CATALOGACIÓN
Agencia catalogadora original CO-BoIAVH
Agencia transcriptora CO-BoIAVH
041 ## - IDIOMA
Código de idioma para texto/pista de sonido o título separado Español
044 ## - PAÍS DE PUBLICACIÓN
País de publicación Colombia
082 04 - NUMERO DE CLASIFICACION DECIMAL DEWEY
Número de clasificación 333.95316
Número del ítem M53m
245 00 - MENCION DE TITULO
Título Memorias del Primer Taller sobre Conservación de Plantas en el Valle del Cauca
260 ## - PUBLICACION, DISTRIBUCION, ETC. (PIE DE IMPRENTA)
Lugar de publicación, distribución, etc. Cali :
Nombre del editor, distribuidor, etc. CVC
-- Nature Conservancy;
Fecha de publicación, distribución, etc. 1993.
300 ## - DESCRIPCION FISICA
Extensión 48 p.
650 14 - ASIENTO SECUNDARIO DE MATERIA - TERMINO TEMATICO
Término temático o nombre geográfico como elemento de entrada Conservación de la diversidad biológica
Subdivisión geográfica Valle del Cauca (Colombia)
9 (RLIN) 51076
711 2# - ASIENTO SECUNDARIO - NOMBRE DE REUNION
Nombre de la reunión o nombre de la jurisdicción como elemento de entrada Memorias del Primer Taller sobre Conservación de Plantas en el Valle del Cauca
Lugar de la reunión Cali
Fecha de la reunión o firma del tratado 1993
9 (RLIN) 51078
710 2# - ASIENTO SECUNDARIO - NOMBRE CORPORATIVO
9 (RLIN) 47093
Nombre corporativo o de jurisdicción como elemento de entrada Corporación Autónoma Regional del Valle del Cauca - CVC
942 ## - ELEMENTOS ADICIONALES (KOHA)
Tipo de ítem Libro
Sistema de clasificación Dewey Decimal Classification
945 ## - PROCESAMIENTO LOCAL
AAAA-MM-DD - Fecha de ingreso o modificacion 2004-01-27
Existencias
Withdrawn status Lost status Sistema de Clasificación Damaged status No para préstamo Colección Inventariado Ubicación Permanente Ubicación actual Fecha de adquisición Fuente de Valor Valor Total Checkouts Número topográfico Inventario / Código de Barras Date last seen Ejemplar Price effective from Forma de adquisición Tipo de material
    Dewey Decimal Classification     General Inventariado 2017 Bogotá Bogotá 01/03/2004 Instituto 39000.00   LB-333.95316 M53m 015596 04/12/2012 Ej. 1 04/12/2012   Libro
    Dewey Decimal Classification     General Inventariado 2017 Sala Fabio Quevedo Sala Fabio Quevedo 14/06/2005 Instituto 39000.00   LB-333.95316 M53m 040828 04/12/2012 Ej. 2 04/12/2012 Donación Libro
    Dewey Decimal Classification     General   Sala Fabio Quevedo Sala Fabio Quevedo 31/10/2017       LB-333.95316 M53m 019073 31/10/2017 Ej. 3 31/10/2017 Donación Libro